Documento firmado por el [Rey Carlos IV] e Iturrigaray (Record no. 4649)

MARC details
000 -CABECERA
campo de control de longitud fija 01750nam a2200313 a 4500
001 - NÚMERO DE CONTROL
campo de control BRCA_4955
005 - FECHA Y HORA DE LA ÚLTIMA TRANSACCIÓN
campo de control 20190320204857.0
008 - DATOS DE LONGITUD FIJA--INFORMACIÓN GENERAL
campo de control de longitud fija 221010m18021803sp-######v---#000-0#spa-#
041 ## - CÓDIGO DE LENGUA
Código de lengua del texto/banda sonora o título independiente spa
044 ## - CÓDIGO DEL PAÍS DE LA ENTIDAD EDITORA/PRODUCTORA
Código MARC del país sp
084 ## - OTRO NÚMERO DE CLASIFICACIÓN
Número de clasificación DOC53
Número de documento/Ítem .D63
-- 1802
245 10 - MENCIÓN DE TÍTULO
Título Documento firmado por el [Rey Carlos IV] e Iturrigaray
Mención de responsabilidad, etc. Carlos IV, José Iturrigaray y Aróstegui.
260 ## - PUBLICACIÓN, DISTRIBUCIÓN, ETC.
Lugar de publicación, distribución, etc. Madrid
Fecha de publicación, distribución, etc. 1802-1803
300 ## - DESCRIPCIÓN FÍSICA
Extensión [5] fojas
Dimensiones 30 x 21 cm
500 ## - NOTA GENERAL
Nota general Documento firmado el 18 de agosto de 1802
500 ## - NOTA GENERAL
Nota general Al Obispo de la Catedral de Guadalajara o al Dean y Cabildo en sede vacante de ella, encargándola procure conformarse y ayudar al Virrey Don José Iturrigaray en las cosas que se ofrecieron y que fuere conveniente su autoridad para el buen efecto. Anexo comunicación firmada el 15 de enero de 1803 dirigida al Obispo de Guadalajara en la que comunica estar enterado del nombramiento que el Rey ha expedido a su favor.
500 ## - NOTA GENERAL
Nota general El documento tiene el sello Real de España en la foja 3
500 ## - NOTA GENERAL
Nota general El documento tiene la leyenda DOC. #63
500 ## - NOTA GENERAL
Nota general [Real cédula] firmada como ´Yo el Rey´
500 ## - NOTA GENERAL
Nota general Estado de conservación: Contiene manchas de acidificación, humedad, roturas y dobleces en los márgenes
506 0# - NOTA DE RESTRICCIONES AL ACCESO
Limitaciones de acceso Fondo reservado: para su consulta es necesario credencial de usuario y carta de motivos
546 ## - NOTA DE LENGUA/LENGUAJE
Nota de lengua/lenguaje Texto en: español de principios del siglo XIX
600 14 - PUNTO DE ACCESO ADICIONAL DE MATERIA--NOMBRE DE PERSONA
Nombre de persona Carlos
Numeración IV
Títulos y otros términos asociados al nombre Rey de España
Fechas asociadas al nombre 1748-1819
9 (RLIN) 12606
651 #4 - PUNTO DE ACCESO ADICIONAL DE MATERIA--NOMBRE GEOGRÁFICO
Nombre geográfico México
Subdivisión de forma Manuscrito
Subdivisión general Historia
Subdivisión cronológica Colonia, 1521-1821
9 (RLIN) 12607
651 #4 - PUNTO DE ACCESO ADICIONAL DE MATERIA--NOMBRE GEOGRÁFICO
Nombre geográfico España
Subdivisión de forma Manuscrito
Subdivisión general Historia
Subdivisión cronológica Casa de Borbón, 1700
9 (RLIN) 12608
700 1# - PUNTO DE ACCESO ADICIONAL--NOMBRE DE PERSONA
Nombre de persona Iturrigaray y Aróstegui, José Joaquín Vicente de
Títulos y otros términos asociados al nombre Virrey de Nueva España
Fechas asociadas al nombre 1748-1819
9 (RLIN) 12609
902 ## - CATALOGADOR
Iniciales FDH
942 ## - ELEMENTOS DE PUNTO DE ACCESO ADICIONAL (KOHA)
Fuente del sistema de clasificación o colocación Library of Congress Classification
Tipo de ítem Koha Documentos
Holdings
Estado de retiro Estado de pérdida Estado dañado No para préstamo Localización permanente Ubicación/localización actual Fecha de adquisición Total de préstamos Signatura topográfica completa Código de barras Fecha visto por última vez Precio válido a partir de Tipo de ítem Koha
El ejemplar forma parte de la colección y puede ser consultado según las políticas vigentes.       Biblioteca del Museo Franz Mayer (Rogerio Casas-Alatriste) Biblioteca del Museo Franz Mayer (Rogerio Casas-Alatriste) 22/10/2010   DOC53 .D63 1802 5016 22/03/2019 22/03/2019 Documentos